Архимед : (Record no. 504854)
[ view plain ]
| 000 -LEADER | |
|---|---|
| fixed length control field | 00550-am-a2200181-a-4500 |
| 001 - CONTROL NUMBER | |
| control field | YSU0044647 |
| 003 - CONTROL NUMBER IDENTIFIER | |
| control field | AM-YeHGA |
| 005 - DATE AND TIME OF LATEST TRANSACTION | |
| control field | 20250618075850.0 |
| 008 - FIXED-LENGTH DATA ELEMENTS--GENERAL INFORMATION | |
| fixed length control field | 000419s1949 xxu 000 0 rus u |
| 040 ## - CATALOGING SOURCE | |
| Original cataloging agency | AM-YeHGA |
| 090 ## - LOCALLY ASSIGNED LC-TYPE CALL NUMBER (OCLC); LOCAL CALL NUMBER (RLIN) | |
| -- | 508274 |
| 100 10 - MAIN ENTRY--PERSONAL NAME | |
| Personal name | Каган, В.Ф. |
| 245 10 - TITLE STATEMENT | |
| Title | Архимед : |
| Remainder of title | Краткий очерк о жизни и творчестве / |
| Statement of responsibility, etc. | В.Ф. Каган |
| 260 ## - PUBLICATION, DISTRIBUTION, ETC. | |
| Place of publication, distribution, etc. | Л., |
| -- | Москва : |
| Name of publisher, distributor, etc. | Гостехтеориздат , |
| Date of publication, distribution, etc. | 1949. |
| 300 ## - PHYSICAL DESCRIPTION | |
| Extent | 52 с. |
| 650 #4 - SUBJECT ADDED ENTRY--TOPICAL TERM | |
| Topical term or geographic name entry element | Физика |
| 9 (RLIN) | 51 |
| 653 ## - INDEX TERM--UNCONTROLLED | |
| Uncontrolled term | Архимед |
| Withdrawn status | Lost status | Damaged status | Not for loan | Collection | Home library | Current library | Date acquired | Total checkouts | Full call number | Barcode | Date last seen | Price effective from | Koha item type | Public note |
|---|---|---|---|---|---|---|---|---|---|---|---|---|---|---|
| General | Fundamental Scientific Library | Fundamental Scientific Library | 14/01/2020 | РД II/66045 | FL0615349 | 14/01/2020 | 14/01/2020 | Գրքեր / Books | 30 Days Loan |
ՀՀ Գիտությունների ազգային ակադեմիայի հիմնարար գիտական գրադարան = Fundamental Scientific Library of NAS RA
All site content, except where otherwise noted, is licensed under a